| 000 | 00545nam a2200181Ia 4500 | ||
|---|---|---|---|
| 003 | IN-BaIIA | ||
| 008 | 211028s9999 xx 000 0 eng d | ||
| 020 | _a0-309-021-1-4 | ||
| 040 | _cIIA Library | ||
| 080 |
_a530.1 _bNAS-2B |
||
| 110 |
_aUnited States. National Research Council _9489 |
||
| 245 | 0 |
_aPhysics in perspective _bvol. II, pt. B the interfaces _cRichard Staley |
|
| 260 |
_aWashington _bNational Academy of Sciences _c1973 |
||
| 300 | _axiii, 1465p. | ||
| 650 | _aNASA thesaurus | ||
| 650 |
_aPhysics - general _91580 |
||
| 942 | _cBK | ||
| 999 |
_c8247 _d8247 |
||